ਭਾਰਤੀ ਕਾਵਿ Fਾਸਤ੍ਰ (Record no. 376847)

MARC details
000 -LEADER
fixed length control field 00789nam a2200205Ia 4500
003 - CONTROL NUMBER IDENTIFIER
control field OSt
005 - DATE AND TIME OF LATEST TRANSACTION
control field 20251219154342.0
008 - FIXED-LENGTH DATA ELEMENTS--GENERAL INFORMATION
fixed length control field Pun
037 ## - SOURCE OF ACQUISITION
Terms of availability TB
040 ## - CATALOGING SOURCE
Original cataloging agency ARTS
Transcribing agency ARTS
Language of cataloging Pun
041 ## - LANGUAGE CODE
Source of code Pun
Language code of text/sound track or separate title Pun
084 ## - COLON CLASSIFICATION NUMBER
Classification number O44,1:g 153Q0
Assigning agency AL
100 ## - MAIN ENTRY--PERSONAL NAME
Personal name ਧਾਲੀਵਾਲ, ਪੇ੍ਰਮ ਪ੍ਰਕਾF ਸਿੰਘ
9 (RLIN) 168536
245 #0 - TITLE STATEMENT
Title ਭਾਰਤੀ ਕਾਵਿ Fਾਸਤ੍ਰ
260 ## - PUBLICATION, DISTRIBUTION, ETC.
Place of publication, distribution, etc. ਪਟਿਆਲਾ
Name of publisher, distributor, etc. ਮਦਾਨ ਪਬਲਿਕੇFਨਗ਼
Date of publication, distribution, etc. 2010
650 ## - SUBJECT ADDED ENTRY--TOPICAL TERM
Topical term or geographic name entry element ਭਾਰਤੀਯ ਕਾਵਿ Fਾਸਤ੍ਰ
9 (RLIN) 168537
650 ## - SUBJECT ADDED ENTRY--TOPICAL TERM
Topical term or geographic name entry element ਭਾਰਤੀ ਸਾਹਿਤ
9 (RLIN) 858165
942 ## - ADDED ENTRY ELEMENTS (KOHA)
Classification part O44,1:g, 153Q0
Koha item type Textbook
Source of classification or shelving scheme Colon Classification (CC)
Suppress in OPAC No
Holdings
Withdrawn status Lost status Source of classification or shelving scheme Damaged status Not for loan Home library Current library Date acquired Source of acquisition Cost, normal purchase price Total Checkouts Full call number Barcode Date last seen Date last checked out Cost, replacement price Price effective from Koha item type
    Colon Classification (CC)     Arts Library Arts Library 2022-09-23 547, 02/12/2011, H.K. Prakashan 160.00 1 O44,1:g 153Q0 AL0818562 2025-02-25 2025-02-20 160.00 2022-09-23 Textbook
Copyright @ Delhi University Library System